[Event "Mitropacup (Women) 12th"]
[Site "Mayrhofen"]
[Date "2015.06.16"]
[Round "3.2"]
[White "Georgescu, Lena"]
[Black "Grgic, Neomi"]
[Result "1/2-1/2"]
[WhiteElo "2052"]
[BlackElo "2011"]
[PlyCount "116"]
[EventDate "2015.06.14"]
[EventType "team"]
[EventRounds "9"]
[EventCountry "AUT"]
[WhiteTeam "Switzerland"]
[BlackTeam "Croatia"]
[WhiteTeamCountry "SUI"]
[BlackTeamCountry "CRO"]

1. e4 e5 2. Bc4 Nf6 3. d3 Nc6 4. Nc3 Na5 5. Qf3 c6 6. Nge2 d6 7. h3 g6 8. O-O
Bg7 9. a4 Nxc4 10. dxc4 O-O 11. Rd1 Qe7 12. b3 Be6 13. Ba3 Rad8 14. Rd3 Ne8 15.
Qe3 b6 16. Rad1 c5 17. Nd5 Bxd5 18. Rxd5 f5 19. f3 Qh4 20. Bc1 h6 21. Nc3 Rf7
22. Qe1 Qf6 23. Be3 f4 24. Bf2 Bf8 25. R5d3 g5 26. Kf1 h5 27. Ke2 Qg6 28. Kd2
Nc7 29. Kc1 a6 30. g3 Ne6 31. Nd5 Rb8 32. g4 hxg4 33. hxg4 Nc7 34. Qc3 Nxd5 35.
Rxd5 Rh7 36. Rf1 Rh3 37. Qd3 Be7 38. Qe2 Qe8 39. Rdd1 b5 40. axb5 axb5 41. Rh1
Rxh1 42. Rxh1 b4 43. Kd2 Ra8 44. Qd3 Qf7 45. Qf1 Qg6 46. Rh5 Kg7 47. Qh1 Bf6
48. Qh3 Be7 49. Qf1 Qf7 50. Rh2 Qe6 51. Rh1 Qf7 52. Qd3 Qe6 53. Qd5 Qxd5+ 54.
exd5 Bf6 55. Kd3 Ra2 56. Rb1 Kg6 57. Be1 Bd8 58. Bd2 Bf6 1/2-1/2

[Event "Mitropacup (Women) 12th"]
[Site "Mayrhofen"]
[Date "2015.06.16"]
[Round "3.1"]
[White "Schnegg, Anna-Lena"]
[Black "Novosadova, Kristyna"]
[Result "1/2-1/2"]
[WhiteElo "2054"]
[BlackElo "2211"]
[PlyCount "68"]
[EventDate "2015.06.14"]
[EventType "team"]
[EventRounds "9"]
[EventCountry "AUT"]
[WhiteTeam "Austria II"]
[BlackTeam "Czech Republic"]
[BlackTeamCountry "CZE"]

1. e4 e5 2. Nf3 Nc6 3. Bb5 a6 4. Ba4 Nf6 5. O-O Be7 6. Re1 b5 7. Bb3 O-O 8. c3
d5 9. exd5 Nxd5 10. Nxe5 Nxe5 11. Rxe5 c6 12. d3 Bd6 13. Re1 Bf5 14. Qf3 Re8
15. Be3 Bxd3 16. Nd2 Qd7 17. Bxd5 cxd5 18. Bf4 Bxf4 19. Qxf4 Bg6 20. Nf3 Re4
21. Qd2 f6 22. Rad1 Rae8 23. Rxe4 Bxe4 24. Nd4 Re5 25. f3 Bg6 26. Re1 Qe8 27.
Kf2 h6 28. Nb3 Qc6 29. Re3 Qd6 30. g3 h5 31. Qd4 h4 32. Kg2 hxg3 33. hxg3 Bb1
34. a3 Bg6 1/2-1/2

[Event "Mitropacup (Women) 12th"]
[Site "Mayrhofen"]
[Date "2015.06.16"]
[Round "3.2"]
[White "Fuskova, Martina"]
[Black "Trippold, Denise"]
[Result "1/2-1/2"]
[WhiteElo "1969"]
[BlackElo "1966"]
[PlyCount "74"]
[EventDate "2015.06.14"]
[EventType "team"]
[EventRounds "9"]
[EventCountry "AUT"]
[WhiteTeam "Czech Republic"]
[BlackTeam "Austria II"]
[WhiteTeamCountry "CZE"]

1. e4 c5 2. Nf3 e6 3. d4 cxd4 4. Nxd4 Nc6 5. Nc3 Qc7 6. Be2 a6 7. O-O Nf6 8.
Be3 Be7 9. f4 d6 10. Kh1 O-O 11. Qe1 Nxd4 12. Bxd4 b5 13. a3 Bb7 14. Bf3 Rad8
15. Rd1 Rd7 16. Qf2 Qd8 17. g4 Qa8 18. Qg2 d5 19. exd5 Nxd5 20. Nxd5 Bxd5 21.
Bxd5 Rxd5 22. Bb6 Qc6 23. Rxd5 exd5 24. Bd4 Bf6 25. Rd1 Re8 26. Qf2 Qe6 27.
Bxf6 Qxf6 28. c3 Qe6 29. Qf3 g6 30. h3 Qe2 31. Qxe2 Rxe2 32. Rxd5 Rxb2 33. Rd8+
Kg7 34. Ra8 Rc2 35. Rxa6 Rxc3 36. Kg2 Rc2+ 37. Kg3 Ra2 1/2-1/2

[Event "Mitropacup (Women) 12th"]
[Site "Mayrhofen"]
[Date "2015.06.16"]
[Round "3.1"]
[White "Kochetkova, Julia"]
[Black "Exler, Veronika"]
[Result "1/2-1/2"]
[WhiteElo "2292"]
[BlackElo "2193"]
[PlyCount "92"]
[EventDate "2015.06.14"]
[EventType "team"]
[EventRounds "9"]
[EventCountry "AUT"]
[WhiteTeam "Slovakia"]
[BlackTeam "Austria I"]
[WhiteTeamCountry "SVK"]

1. e4 e5 2. Nf3 Nc6 3. Bb5 Nf6 4. d3 Bc5 5. c3 O-O 6. O-O Re8 7. Bg5 h6 8. Bh4
a6 9. Ba4 b5 10. Bb3 Be7 11. Nbd2 d6 12. a4 Bb7 13. Re1 Na5 14. Bc2 c5 15. d4
exd4 16. cxd4 Nc6 17. Nf1 Nb4 18. Bb1 Nh5 19. Bg3 Nxg3 20. Nxg3 Bf6 21. Qb3 Qa5
22. Nh5 Bxd4 23. Nxd4 cxd4 24. Qg3 g6 25. e5 Re6 26. Bf5 Bc8 27. Bxe6 Bxe6 28.
axb5 Qxb5 29. Nf4 Bf5 30. Qb3 dxe5 31. Nd5 Qxd5 32. Qxb4 e4 33. Ra5 Qd7 34. h3
h5 35. Rea1 d3 36. Qd2 Qc6 37. b4 Rc8 38. Rxa6 Qc2 39. R6a2 Qxd2 40. Rxd2 Rb8
41. Rb2 Bd7 42. Ra7 Bb5 43. Re7 Rd8 44. Rd2 Rd4 45. f3 exf3 46. gxf3 Rxb4
1/2-1/2

[Event "Mitropacup (Women) 12th"]
[Site "Mayrhofen"]
[Date "2015.06.16"]
[Round "3.2"]
[White "Newrkla, Katharina"]
[Black "Gazikova, Veronika"]
[Result "1/2-1/2"]
[WhiteElo "2153"]
[BlackElo "2287"]
[PlyCount "69"]
[EventDate "2015.06.14"]
[EventType "team"]
[EventRounds "9"]
[EventCountry "AUT"]
[WhiteTeam "Austria I"]
[BlackTeam "Slovakia"]
[BlackTeamCountry "SVK"]

1. e4 e6 2. d4 d5 3. Nc3 Nf6 4. e5 Nfd7 5. f4 c5 6. Nf3 Nc6 7. Be3 Be7 8. Qd2
O-O 9. dxc5 Nxc5 10. O-O-O Qa5 11. Kb1 Rd8 12. Nd4 Qc7 13. Qf2 Nxd4 14. Bxd4 a6
15. Bd3 b5 16. g4 Bd7 17. f5 Nxd3 18. Rxd3 Rdc8 19. f6 Bf8 20. Rh3 b4 21. Qh4
h6 22. fxg7 Bxg7 23. g5 h5 24. Qxh5 bxc3 25. Rf1 Be8 26. Qh7+ Kf8 27. Rxc3 Qe7
28. g6 Rxc3 29. Bxc3 Rc8 30. gxf7 Bxf7 31. Rg1 Bg8 32. Rf1+ Bf7 33. Rg1 Bg8 34.
Rf1+ Bf7 35. Rg1 1/2-1/2

[Event "Mitropacup (Women) 12th"]
[Site "Mayrhofen"]
[Date "2015.06.16"]
[Round "3.1"]
[White "Vajda, Szidonia"]
[Black "Hoolt, Sarah"]
[Result "1/2-1/2"]
[WhiteElo "2351"]
[BlackElo "2283"]
[PlyCount "65"]
[EventDate "2015.06.14"]
[EventType "team"]
[EventRounds "9"]
[EventCountry "AUT"]
[WhiteTeam "Hungary"]
[BlackTeam "Germany"]
[WhiteTeamCountry "HUN"]
[BlackTeamCountry "GER"]

1. e4 d6 2. d4 Nf6 3. Nc3 e5 4. Nf3 Nbd7 5. Bc4 Be7 6. O-O Nb6 7. Be2 exd4 8.
Nxd4 O-O 9. a4 a5 10. Re1 c6 11. Bd3 Re8 12. Bg5 h6 13. Bh4 Ng4 14. Bxe7 Qxe7
15. h3 Ne5 16. f4 Nxd3 17. Qxd3 Qf6 18. Rf1 d5 19. e5 Qe7 20. Rae1 Qc5 21. Kh1
Nd7 22. e6 Nf6 23. exf7+ Kxf7 24. Rxe8 Nxe8 25. Nf3 Kg8 26. Re1 Qf8 27. Nh4 Nd6
28. Ng6 Qf6 29. Ne7+ Kh8 30. Ng6+ Kg8 31. Ne7+ Kh8 32. Ng6+ Kg8 33. Ne7+
1/2-1/2

[Event "Mitropacup (Women) 12th"]
[Site "Mayrhofen"]
[Date "2015.06.16"]
[Round "3.2"]
[White "Fuchs, Judith"]
[Black "Rudolf, Anna"]
[Result "1/2-1/2"]
[WhiteElo "2286"]
[BlackElo "2348"]
[PlyCount "67"]
[EventDate "2015.06.14"]
[EventType "team"]
[EventRounds "9"]
[EventCountry "AUT"]
[WhiteTeam "Germany"]
[BlackTeam "Hungary"]
[WhiteTeamCountry "GER"]
[BlackTeamCountry "HUN"]

1. e4 e6 2. d4 d5 3. Bd3 dxe4 4. Bxe4 Nf6 5. Bf3 Bd6 6. Ne2 O-O 7. O-O c5 8.
Be3 Qc7 9. Kh1 Rd8 10. Nd2 cxd4 11. Nxd4 a6 12. Qe2 e5 13. N4b3 Be6 14. Bg5
Nbd7 15. Rfc1 a5 16. Ne4 Bc4 17. Qe1 Be7 18. Nbd2 Be6 19. c4 Nc5 20. Nxc5 Qxc5
21. Bxf6 gxf6 22. Bxb7 Rab8 23. Bd5 Rxb2 24. Ne4 Qb4 25. Qe3 Bxd5 26. cxd5 Rxd5
27. Qf3 Rd8 28. Nxf6+ Bxf6 29. Qxf6 Qd4 30. Qg5+ Kf8 31. Qh6+ Kg8 32. Qg5+ Kf8
33. Qh6+ Kg8 34. Qg5+ 1/2-1/2

[Event "Mitropacup (Women) 12th"]
[Site "Mayrhofen"]
[Date "2015.06.17"]
[Round "4.1"]
[White "Georgescu, Lena"]
[Black "Hoolt, Sarah"]
[Result "0-1"]
[WhiteElo "2052"]
[BlackElo "2283"]
[PlyCount "66"]
[EventDate "2015.06.14"]
[EventType "team"]
[EventRounds "9"]
[EventCountry "AUT"]
[WhiteTeam "Switzerland"]
[BlackTeam "Germany"]
[WhiteTeamCountry "SUI"]
[BlackTeamCountry "GER"]

1. e4 c5 2. d4 cxd4 3. c3 Nf6 4. e5 Nd5 5. Nf3 Nc6 6. Bc4 Nb6 7. Bb3 d5 8. exd6
Qxd6 9. O-O Be6 10. Na3 dxc3 11. Bxe6 Qxd1 12. Rxd1 fxe6 13. bxc3 h6 14. Nb5
Rc8 15. Rb1 Nc4 16. Nbd4 Nd8 17. Re1 Kf7 18. Rb4 Kf6 19. Bf4 Rg8 20. Ne5 Nxe5
21. Bxe5+ Kf7 22. Nb5 a6 23. Rf4+ Kg6 24. Nd4 Kh7 25. h4 g5 26. hxg5 hxg5 27.
Rg4 Rg6 28. Re3 Nf7 29. f4 gxf4 30. Rxf4 Nxe5 31. Rxe5 Bg7 32. Rh5+ Kg8 33. Rf3
Rxc3 0-1

[Event "Mitropacup (Women) 12th"]
[Site "Mayrhofen"]
[Date "2015.06.17"]
[Round "4.2"]
[White "Fuchs, Judith"]
[Black "Heinatz, Maria"]
[Result "1-0"]
[WhiteElo "2286"]
[BlackElo "1958"]
[PlyCount "65"]
[EventDate "2015.06.14"]
[EventType "team"]
[EventRounds "9"]
[EventCountry "AUT"]
[WhiteTeam "Germany"]
[BlackTeam "Switzerland"]
[WhiteTeamCountry "GER"]
[BlackTeamCountry "SUI"]

1. e4 c5 2. Nf3 e6 3. d4 cxd4 4. Nxd4 Nc6 5. Nc3 Qc7 6. Be2 a6 7. O-O Nf6 8.
Be3 Bb4 9. Nxc6 Bxc3 10. bxc3 Qxc6 11. Bd4 d6 12. f4 O-O 13. e5 Nd5 14. Qe1 Ne7
15. exd6 Qxd6 16. Qf2 Re8 17. Rfd1 Nd5 18. Qg3 Qf8 19. Rab1 b5 20. c4 bxc4 21.
Bxc4 Bd7 22. Bd3 Ba4 23. Rf1 f6 24. Qh3 g6 25. Rb7 Re7 26. Bc5 Rxb7 27. Bxf8
Kxf8 28. Qxe6 Rd8 29. Qxa6 Rb4 30. c3 Rxf4 31. Rxf4 Nxf4 32. Qxf6+ Ke8 33. Qxf4
1-0

[Event "Mitropacup (Women) 12th"]
[Site "Mayrhofen"]
[Date "2015.06.17"]
[Round "4.1"]
[White "Exler, Veronika"]
[Black "Vajda, Szidonia"]
[Result "0-1"]
[WhiteElo "2193"]
[BlackElo "2351"]
[PlyCount "62"]
[EventDate "2015.06.14"]
[EventType "team"]
[EventRounds "9"]
[EventCountry "AUT"]
[WhiteTeam "Austria I"]
[BlackTeam "Hungary"]
[BlackTeamCountry "HUN"]

1. d4 Nf6 2. c4 g6 3. Nf3 Bg7 4. g3 O-O 5. Bg2 d6 6. O-O c6 7. Nc3 Qa5 8. e4 e5
9. h3 Nbd7 10. Re1 exd4 11. Nxd4 Ne5 12. Bf1 Re8 13. Be3 Be6 14. Nxe6 Rxe6 15.
Kg2 Ned7 16. f3 h5 17. h4 Ne5 18. Rb1 a6 19. b4 Qc7 20. Qd2 b5 21. cxb5 axb5
22. a4 bxa4 23. Ra1 a3 24. Nb1 Nxf3 25. Kxf3 Nxe4 26. Qa2 Bxa1 27. Qxa1 d5 28.
Bf4 Qb6 29. Re3 a2 30. b5 axb1=Q 31. Qxa8+ Kh7 0-1

[Event "Mitropacup (Women) 12th"]
[Site "Mayrhofen"]
[Date "2015.06.17"]
[Round "4.2"]
[White "Gara, Ticia"]
[Black "Newrkla, Katharina"]
[Result "1-0"]
[WhiteElo "2333"]
[BlackElo "2153"]
[PlyCount "45"]
[EventDate "2015.06.14"]
[EventType "team"]
[EventRounds "9"]
[EventCountry "AUT"]
[WhiteTeam "Hungary"]
[BlackTeam "Austria I"]
[WhiteTeamCountry "HUN"]

1. e4 c5 2. Nf3 d6 3. d4 cxd4 4. Qxd4 Nc6 5. Bb5 Bd7 6. Qd3 Nf6 7. Nc3 g6 8.
Bg5 Bg7 9. O-O-O O-O 10. e5 Ng4 11. exd6 Nxf2 12. Qe2 Nxd1 13. Rxd1 Qa5 14.
dxe7 Nxe7 15. Bxd7 Nc6 16. Rd5 Qc7 17. Qc4 Qb6 18. Na4 Qf2 19. Rd2 Ne5 20. Qb5
a6 21. Qxe5 Qxd2+ 22. Bxd2 Bxe5 23. Nxe5 1-0

[Event "Mitropacup (Women) 12th"]
[Site "Mayrhofen"]
[Date "2015.06.17"]
[Round "4.1"]
[White "Unuk, Laura"]
[Black "Kochetkova, Julia"]
[Result "0-1"]
[WhiteElo "2121"]
[BlackElo "2292"]
[PlyCount "78"]
[EventDate "2015.06.14"]
[EventType "team"]
[EventRounds "9"]
[EventCountry "AUT"]
[WhiteTeam "Slovenia"]
[BlackTeam "Slovakia"]
[WhiteTeamCountry "SLO"]
[BlackTeamCountry "SVK"]

1. d4 d5 2. c4 e6 3. Nf3 Nf6 4. g3 dxc4 5. Bg2 Bd7 6. Ne5 Bc6 7. Nxc6 Nxc6 8.
Qa4 Nd5 9. Qxc4 Qd7 10. e3 O-O-O 11. O-O h5 12. Nc3 h4 13. a3 hxg3 14. hxg3 f5
15. Bd2 g5 16. Rfc1 f4 17. Ne4 fxg3 18. fxg3 Bd6 19. Qe2 Qh7 20. Nxd6+ Rxd6 21.
Kf2 Qf5+ 22. Qf3 Qd3 23. Qe2 Rf8+ 24. Bf3 Rxf3+ 25. Qxf3 Qxd2+ 26. Qe2 Qxe2+
27. Kxe2 e5 28. dxe5 Re6 29. Rd1 Rxe5 30. Rd3 Nxe3 31. Rh1 Nf5+ 32. Kf2 b6 33.
Rh8+ Kb7 34. Rg8 Nfd4 35. b4 a5 36. bxa5 Rxa5 37. Rg7 Rc5 38. Rd7 Rc2+ 39. Ke3
Re2# 0-1

[Event "Mitropacup (Women) 12th"]
[Site "Mayrhofen"]
[Date "2015.06.17"]
[Round "4.2"]
[White "Gazikova, Veronika"]
[Black "Hrescak, Ivana"]
[Result "1/2-1/2"]
[WhiteElo "2287"]
[BlackElo "2057"]
[PlyCount "97"]
[EventDate "2015.06.14"]
[EventType "team"]
[EventRounds "9"]
[EventCountry "AUT"]
[WhiteTeam "Slovakia"]
[BlackTeam "Slovenia"]
[WhiteTeamCountry "SVK"]
[BlackTeamCountry "SLO"]

1. e4 c5 2. Nf3 d6 3. d4 cxd4 4. Qxd4 a6 5. Bg5 Nc6 6. Qd2 Qb6 7. c4 Bg4 8. Be2
g6 9. Nc3 Bxf3 10. Bxf3 Qd4 11. Nd5 Qxd2+ 12. Bxd2 Rc8 13. Bc3 Ne5 14. Be2 e6
15. Nb6 Rc6 16. Bd4 Bg7 17. O-O-O Bf6 18. Kb1 h5 19. f4 Ng4 20. Bg1 Bd8 21. Na4
N4f6 22. Bd4 Rh7 23. Nc3 Ba5 24. e5 Bxc3 25. Bxc3 Ne4 26. Bd4 dxe5 27. fxe5 f5
28. exf6 Nexf6 29. Rhf1 e5 30. Bxe5 Re6 31. Bxf6 Nxf6 32. Bd3 Ng4 33. h3 Ne3
34. Rde1 Rhe7 35. Rf2 Rd6 36. Bf1 Rde6 37. a3 Kd7 38. Ka2 Kc7 39. Bd3 Rd6 40.
Bb1 g5 41. Rf8 Rde6 42. Re2 Nxc4 43. Ref2 Ne3 44. Rg8 Re5 45. Bg6 h4 46. Bh5
Nd5 47. Rc2+ Kb6 48. Bf3 Nf4 49. Rcc8 1/2-1/2

[Event "Mitropacup (Women) 12th"]
[Site "Mayrhofen"]
[Date "2015.06.17"]
[Round "4.1"]
[White "Deur Saric, Zrinka"]
[Black "Schnegg, Anna-Lena"]
[Result "0-1"]
[WhiteElo "2137"]
[BlackElo "2054"]
[PlyCount "26"]
[EventDate "2015.06.14"]
[EventType "team"]
[EventRounds "9"]
[EventCountry "AUT"]
[WhiteTeam "Croatia"]
[BlackTeam "Austria II"]
[WhiteTeamCountry "CRO"]

1. e4 e5 2. Nf3 Nc6 3. c3 d5 4. Qa4 f6 5. Bb5 Nge7 6. exd5 Qxd5 7. d3 Bf5 8.
Bc4 Qd7 9. O-O Nd5 10. Be3 Nxe3 11. fxe3 Bxd3 12. Rd1 b5 13. Qa6 bxc4 0-1

[Event "Mitropacup (Women) 12th"]
[Site "Mayrhofen"]
[Date "2015.06.17"]
[Round "4.2"]
[White "Trippold, Denise"]
[Black "Grgic, Neomi"]
[Result "1-0"]
[WhiteElo "1966"]
[BlackElo "2011"]
[PlyCount "67"]
[EventDate "2015.06.14"]
[EventType "team"]
[EventRounds "9"]
[EventCountry "AUT"]
[WhiteTeam "Austria II"]
[BlackTeam "Croatia"]
[BlackTeamCountry "CRO"]

1. d4 Nf6 2. c4 e6 3. Nf3 b6 4. g3 Bb7 5. Bg2 Be7 6. Nc3 O-O 7. Qc2 d5 8. cxd5
Nxd5 9. Nxd5 Bxd5 10. O-O Nc6 11. e4 Nb4 12. Qb1 Bb7 13. Rd1 c5 14. a3 Na6 15.
d5 exd5 16. exd5 c4 17. Ne5 Rc8 18. Bf1 b5 19. a4 Qa5 20. Bf4 Rfd8 21. Qf5 Bf6
22. Nxf7 Kxf7 23. Qe6+ Kf8 24. Bd6+ Rxd6 25. Qxd6+ Kg8 26. Re1 Nc7 27. axb5
Qxb5 28. Bh3 Rf8 29. Qxc7 Bxd5 30. Qa5 Qb7 31. Qc5 a6 32. Rad1 Bf3 33. Be6+ Rf7
34. Rd7 1-0

[Event "Mitropacup (Women) 12th"]
[Site "Mayrhofen"]
[Date "2015.06.18"]
[Round "5.1"]
[White "Schnegg, Anna-Lena"]
[Black "Heinatz, Dr. Gundula"]
[Result "0-1"]
[WhiteElo "2054"]
[BlackElo "2215"]
[PlyCount "72"]
[EventDate "2015.06.14"]
[EventType "team"]
[EventRounds "9"]
[EventCountry "AUT"]
[WhiteTeam "Austria II"]
[BlackTeam "Switzerland"]
[BlackTeamCountry "SUI"]

1. e4 c5 2. Nf3 Nc6 3. d4 cxd4 4. Nxd4 g6 5. c4 Nf6 6. Nc3 Nxd4 7. Qxd4 d6 8.
Be2 Bg7 9. Be3 O-O 10. Qd2 Be6 11. f3 a5 12. O-O Nd7 13. Nd5 Nc5 14. Rab1 Re8
15. b3 f5 16. exf5 Bxf5 17. Rbd1 Kh8 18. Kh1 b6 19. Rfe1 Ra7 20. Bf1 Qb8 21.
Bg5 e5 22. Ne3 Rd7 23. Nxf5 gxf5 24. Bd3 Rf8 25. Bc2 Qe8 26. Be3 Qh5 27. Bxc5
bxc5 28. Qxa5 Bh6 29. Re2 Bf4 30. g3 Bxg3 31. Rg2 Bxh2 32. Qc3 Bf4+ 33. Kg1 Rg8
34. Rxg8+ Kxg8 35. Qe1 Rg7+ 36. Kf1 Qh3+ 0-1

[Event "Mitropacup (Women) 12th"]
[Site "Mayrhofen"]
[Date "2015.06.18"]
[Round "5.2"]
[White "Heinatz, Maria"]
[Black "Trippold, Denise"]
[Result "1-0"]
[WhiteElo "1958"]
[BlackElo "1966"]
[PlyCount "111"]
[EventDate "2015.06.14"]
[EventType "team"]
[EventRounds "9"]
[EventCountry "AUT"]
[WhiteTeam "Switzerland"]
[BlackTeam "Austria II"]
[WhiteTeamCountry "SUI"]

1. e4 c5 2. Nf3 e6 3. Nc3 Nc6 4. d4 cxd4 5. Nxd4 Qc7 6. Be2 a6 7. Be3 Nf6 8.
O-O Bb4 9. Nxc6 bxc6 10. Qd4 c5 11. Qc4 Bb7 12. a3 d5 13. exd5 exd5 14. Qf4
Qxf4 15. Bxf4 Bxc3 16. bxc3 O-O 17. c4 d4 18. Rab1 Rfe8 19. Bd3 Be4 20. Rb2 Nd7
21. Rfb1 f6 22. Kf1 Bc6 23. Bf5 Ne5 24. Bxe5 Rxe5 25. Rb8+ Re8 26. Rxa8 Rxa8
27. Rb6 Be8 28. Rb7 Bh5 29. g4 Bf7 30. Bd3 Be6 31. h3 Kf8 32. Rb6 Bd7 33. Bxh7
Ke7 34. Be4 Ra7 35. Kg2 Be6 36. Bd3 Bd7 37. Kg3 a5 38. h4 Ra8 39. Be4 Re8 40.
Bg6 Rf8 41. Kf4 Rd8 42. h5 a4 43. Rb7 Kf8 44. Rc7 Be8 45. Rxc5 Bxg6 46. hxg6 d3
47. cxd3 Rxd3 48. Rc8+ Ke7 49. Rg8 Rxa3 50. Rxg7+ Ke8 51. Ra7 Kf8 52. g7+ Kg8
53. Kf5 Kh7 54. Ke6 Kg8 55. Kxf6 Kh7 56. f4 1-0

[Event "Mitropacup (Women) 12th"]
[Site "Mayrhofen"]
[Date "2015.06.18"]
[Round "5.1"]
[White "Kochetkova, Julia"]
[Black "Novosadova, Kristyna"]
[Result "1-0"]
[WhiteElo "2292"]
[BlackElo "2211"]
[PlyCount "91"]
[EventDate "2015.06.14"]
[EventType "team"]
[EventRounds "9"]
[EventCountry "AUT"]
[WhiteTeam "Slovakia"]
[BlackTeam "Czech Republic"]
[WhiteTeamCountry "SVK"]
[BlackTeamCountry "CZE"]

1. d4 d5 2. Nf3 Nf6 3. c4 c6 4. Nc3 e6 5. cxd5 exd5 6. Qc2 h6 7. Bf4 Bd6 8.
Bxd6 Qxd6 9. e3 O-O 10. Bd3 Be6 11. h3 Nbd7 12. O-O Rac8 13. Rab1 c5 14. dxc5
Rxc5 15. Rfd1 Rfc8 16. Qe2 Nb6 17. Nb5 Qb8 18. Nbd4 Nc4 19. Nxe6 fxe6 20. e4
Kh8 21. exd5 exd5 22. b3 Nd6 23. b4 Rc3 24. Qe5 Qc7 25. Qd4 a6 26. Ne5 Nb5 27.
Bxb5 axb5 28. Re1 Rc2 29. Ng6+ Kh7 30. Ne7 Qc4 31. Qe5 Rc7 32. Qf5+ Kh8 33.
Nxd5 Qxd5 34. Re8+ Qg8 35. Rxg8+ Kxg8 36. Rd1 Kf7 37. a3 Ra2 38. Rd3 Re7 39.
Qxb5 Re1+ 40. Kh2 Rxf2 41. Qc4+ Kg6 42. Rg3+ Kh7 43. Qd3+ Kh8 44. Rf3 Ra2 45.
Qg6 Ree2 46. Rc3 1-0

[Event "Mitropacup (Women) 12th"]
[Site "Mayrhofen"]
[Date "2015.06.18"]
[Round "5.2"]
[White "Fuskova, Martina"]
[Black "Gazikova, Veronika"]
[Result "0-1"]
[WhiteElo "1969"]
[BlackElo "2287"]
[PlyCount "44"]
[EventDate "2015.06.14"]
[EventType "team"]
[EventRounds "9"]
[EventCountry "AUT"]
[WhiteTeam "Czech Republic"]
[BlackTeam "Slovakia"]
[WhiteTeamCountry "CZE"]
[BlackTeamCountry "SVK"]

1. e4 Nf6 2. e5 Nd5 3. d4 d6 4. Nf3 dxe5 5. Nxe5 c6 6. Bc4 Nd7 7. Nxd7 Bxd7 8.
O-O Bf5 9. Re1 e6 10. c3 Bd6 11. Nd2 O-O 12. Nf3 Qc7 13. Be3 Nxe3 14. Rxe3 c5
15. d5 Bf4 16. Re1 Rfd8 17. Qe2 b5 18. Bxb5 exd5 19. Qe7 Qb6 20. a4 h6 21. Ne5
Be6 22. Rad1 Bg5 0-1

[Event "Mitropacup (Women) 12th"]
[Site "Mayrhofen"]
[Date "2015.06.18"]
[Round "5.1"]
[White "Vajda, Szidonia"]
[Black "Unuk, Laura"]
[Result "1/2-1/2"]
[WhiteElo "2351"]
[BlackElo "2121"]
[PlyCount "88"]
[EventDate "2015.06.14"]
[EventType "team"]
[EventRounds "9"]
[EventCountry "AUT"]
[WhiteTeam "Hungary"]
[BlackTeam "Slovenia"]
[WhiteTeamCountry "HUN"]
[BlackTeamCountry "SLO"]

1. d4 Nf6 2. Nf3 e6 3. e3 c5 4. c4 cxd4 5. exd4 d5 6. Nc3 Be7 7. cxd5 Nxd5 8.
Bd3 Nc6 9. a3 O-O 10. O-O f5 11. Bc4 Bf6 12. Nxd5 exd5 13. Ba2 f4 14. h3 Qd6
15. Re1 Be6 16. b4 Rae8 17. b5 Ne7 18. Bd2 Rf7 19. Qa4 b6 20. Bxf4 Qxf4 21.
Rxe6 Ref8 22. Rae1 Nf5 23. Re8 Nxd4 24. Rxf8+ Rxf8 25. Bxd5+ Kh8 26. Qxa7 Nxf3+
27. Bxf3 Bd4 28. Qd7 Qd2 29. Re8 Qxf2+ 30. Kh2 Bc5 31. Rxf8+ Bxf8 32. Qe8 Qc5
33. Bd5 Qe7 34. Qxe7 Bxe7 35. a4 Bd6+ 36. g3 g5 37. Kg2 Kg7 38. Kf3 Kf6 39. Kg4
h6 40. Bc6 Bc7 41. h4 Bd6 42. Kf3 Ke5 43. Kg4 Kf6 44. Kf3 Ke5 1/2-1/2

[Event "Mitropacup (Women) 12th"]
[Site "Mayrhofen"]
[Date "2015.06.18"]
[Round "5.2"]
[White "Hrescak, Ivana"]
[Black "Gara, Ticia"]
[Result "0-1"]
[WhiteElo "2057"]
[BlackElo "2333"]
[PlyCount "88"]
[EventDate "2015.06.14"]
[EventType "team"]
[EventRounds "9"]
[EventCountry "AUT"]
[WhiteTeam "Slovenia"]
[BlackTeam "Hungary"]
[WhiteTeamCountry "SLO"]
[BlackTeamCountry "HUN"]

1. d4 Nf6 2. c4 e6 3. Nc3 Bb4 4. e3 O-O 5. Nge2 Re8 6. a3 Bf8 7. d5 d6 8. Ng3
exd5 9. cxd5 g6 10. Bc4 c5 11. O-O h5 12. f3 Bg7 13. e4 Nbd7 14. Bg5 a6 15. a4
Qc7 16. Qd2 Rb8 17. Rae1 Ne5 18. Be2 c4 19. f4 Neg4 20. Kh1 Nh7 21. Bh4 b5 22.
axb5 axb5 23. Bxg4 Bxg4 24. f5 b4 25. Nd1 c3 26. Qc1 Bxd1 27. Rxd1 c2 28. Rd3
Qc4 29. Rdf3 Rbc8 30. f6 Bf8 31. Re1 Re5 32. b3 Qc5 33. Nf1 Qc7 34. Bg3 Ng5 35.
Rfe3 Ree8 36. Bh4 Re5 37. Bg3 Ree8 38. Bh4 Bh6 39. Rg3 Re5 40. h3 Kh7 41. Bxg5
Bxg5 42. Rxg5 Rxg5 43. Ne3 Qc3 44. Nc4 Rxc4 0-1

[Event "Mitropacup (Women) 12th"]
[Site "Mayrhofen"]
[Date "2015.06.18"]
[Round "5.1"]
[White "Hoolt, Sarah"]
[Black "Exler, Veronika"]
[Result "1/2-1/2"]
[WhiteElo "2283"]
[BlackElo "2193"]
[PlyCount "115"]
[EventDate "2015.06.14"]
[EventType "team"]
[EventRounds "9"]
[EventCountry "AUT"]
[WhiteTeam "Germany"]
[BlackTeam "Austria I"]
[WhiteTeamCountry "GER"]

1. e4 e5 2. Nc3 Nc6 3. g3 Nf6 4. Bg2 Bc5 5. Nge2 a6 6. d3 d6 7. O-O Be6 8. Nd5
h6 9. c3 Bxd5 10. exd5 Ne7 11. d4 exd4 12. Nxd4 O-O 13. c4 Qd7 14. Qd3 Qg4 15.
Be3 Qg6 16. Qxg6 Nxg6 17. h3 Ne5 18. b3 Rfe8 19. Rfd1 Ned7 20. Kf1 Ne4 21. Rd3
Nxg3+ 22. fxg3 Rxe3 23. Rxe3 Bxd4 24. Re7 Rd8 25. Rae1 Be5 26. R1xe5 dxe5 27.
d6 cxd6 28. Bd5 Nf6 29. Bxf7+ Kf8 30. Rxb7 Rd7 31. Bd5 Rxb7 32. Bxb7 a5 33. a3
Ke7 34. Kf2 Kd7 35. b4 axb4 36. axb4 Kc7 37. Bf3 Kb6 38. Ke3 Kc7 39. Kd3 Kb6
40. Kc3 Ka6 41. g4 Kb6 42. Bg2 Ne8 43. Kd3 Nf6 44. Bf3 Ka6 45. Bc6 Kb6 46. Ba4
Kc7 47. Ke3 Kb6 48. Kf3 Ka6 49. c5 dxc5 50. bxc5 Ka5 51. c6 Kb6 52. Ke3 Nd5+
53. Kd3 g5 54. Ke4 Nc3+ 55. Kxe5 Nxa4 56. Kf5 Nc5 57. Kg6 Kxc6 58. Kxh6 1/2-1/2

[Event "Mitropacup (Women) 12th"]
[Site "Mayrhofen"]
[Date "2015.06.18"]
[Round "5.2"]
[White "Newrkla, Katharina"]
[Black "Fuchs, Judith"]
[Result "1/2-1/2"]
[WhiteElo "2153"]
[BlackElo "2286"]
[PlyCount "100"]
[EventDate "2015.06.14"]
[EventType "team"]
[EventRounds "9"]
[EventCountry "AUT"]
[WhiteTeam "Austria I"]
[BlackTeam "Germany"]
[BlackTeamCountry "GER"]

1. e4 c6 2. d4 d5 3. exd5 cxd5 4. c4 Nf6 5. Nc3 Nc6 6. Nf3 Be6 7. c5 g6 8. Bb5
Bg7 9. Ne5 Bd7 10. Bxc6 Bxc6 11. O-O Nd7 12. Nxd7 Qxd7 13. Be3 O-O 14. b4 a5
15. a3 b6 16. b5 Bxb5 17. Nxb5 Qxb5 18. Rb1 Qc4 19. Rxb6 e5 20. dxe5 Bxe5 21.
Qc1 Rfd8 22. Rd1 Rac8 23. g3 Qe4 24. Bg5 Re8 25. Bf6 Bxf6 26. Rxf6 Qe7 27. Rd6
Qxd6 28. cxd6 Rxc1 29. Rxc1 Rd8 30. Kf1 Rxd6 31. Ke2 Kg7 32. Kd3 Rf6 33. f4 g5
34. fxg5 Rf3+ 35. Kd4 Rxa3 36. Kxd5 Kg6 37. Rc7 Rb3 38. Ke4 a4 39. Ra7 Rb4+ 40.
Kf3 Kxg5 41. Rxf7 Rb3+ 42. Kg2 Rb2+ 43. Kf3 Rxh2 44. Ra7 Ra2 45. Rxh7 Ra3+ 46.
Kg2 Ra1 47. Ra7 Kg4 48. Rg7+ Kf5 49. Ra7 Ra2+ 50. Kh3 Ra1 1/2-1/2